Statistics for Hej på 15 Sprog

Click here to take the quiz!

General Stats

  • This quiz has been taken 263 times
  • The average score is 9 of 15

Answer Stats

AntydningSprog% Correct
HejDansk
99%
HelloEngelsk
98%
BonjourFransk
97%
HolaSpansk
95%
CiaoItaliensk
81%
你好Mandarin
77%
こんにちはJapansk
71%
ПриветRussisk
68%
مرحبًاArabisk
62%
OláPortugisisk
53%
Γεια σαςGræsk
26%
Xin chàoVietnamesisk
22%
नमस्कारHindi
21%
MerhabaTyrkisk
19%
HujamboSwahili
12%

Score Distribution

Percentile by Number Answered

Percent of People with Each Score

Your Score History

You have not taken this quiz